000 00968cam a2200265 4500
008 090401t1994 xxu||||| |||| 00| 0 eng d
020 _a0851256384
035 _a(Sirsi) u38230
041 _aeng
050 _a615.925756
100 _aScivyer, C.R.
245 _aMajor alterations and conversions: a BRE guide to radon remedial measures in existing dwellings.
260 _aGarston, Watford
_bBuilding Research Establishment
_c1994
300 _a10p. : ill. ; 30cm.
350 _a12
490 _aBRE Building Renewal
_v267
490 _aBuilding
_v267 Research Establishment Report
520 _aPractical advice on radon-protective measures that can be taken during the planning and implementation of major alteration or conversion works to a building in radon-affected areas.
650 _aEXISTING DWELLINGS
650 _aHOUSES
690 _aBUILT ENVIRONMENT
710 _aBuilding Research Establishment
942 _n0
948 _c04/03/1997
999 _c90627
_d90627